000
00265nam a22001217a 4500
008
170207b xxu||||| |||| 00| 0 eng d
041
_a
eng
080
_a
61
100
_a
3
101
_a
SHM
245
_a
DISEASES ATOPIC DIATHESIS
_c
ROBERT GERVAIS
942
_2
udc
_c
BK
999
_c
4784
_d
4784